Responses for show #727 - Tuesday, November 3, 1987

Kate Waits game 1.

Contestants

Bruce Howarth, an advertising executive from Tampa, Florida

Kate Waits, a law professor from Albany, New York

Ken Freedman, a professional snake handler from Long Beach, California (whose 1-day cash winnings total $8,201)

Jeopardy! Round responses

THE CONSTITUTION
SPORTS
MANIAS
TOM SAWYER
DEFINITIONS
A.K.A.
    $100 22
Prohibition

Ken
    $100 5
Rocky Marciano

Bruce
    $100 11
France

Kate
    $100 23
(Kate: Who is [*]...?)
(Alex: We'll give it to you.)
(Kate: Oh, thank you.)
(Alex: I was hoping you'd come out with it, but that's all right.)

Becky (Thatcher)

Kate
    $100 28
name

Kate
    $100 1
Meryl Streep

Ken
    $200 29
income tax

Kate
    $200 6
(upper) lip

Kate
    $200 13
hair

Bruce
    $200 24
raft

Kate
    $200 30
silo

Ken
    $200 2
Zsa Zsa Gabor

Kate
    $300 12
national guard

Bruce
    $300 8
basketball

Kate
    $300 14
(Kate: What is shopping?)
(Ken: What is kiss?)

buy gifts

KenKate
Triple Stumper
    $300 17
fence he had to paint

Ken
    $300 25
bury

Kate
    $300 4
Marjorie Main

Bruce
    $400 10
slaves

Bruce
    $400 3
skating

Ken
    $400 15
horses

Kate
    $400 20
(Ken: What is Sam?)

Sid

KenKate
    $400 26
Gethsemane

Ken
    $400 18
Lillian Gish

Kate
    $500 9
salary

Kate
    $500 7
ping pong (table tennis)

Kate
    $900 16
(grinding) gnashing of teeth

Kate
    $500 21
Injun Joe

Triple Stumper
    $500 27
nacho

Ken
    $500 19
Gary Hart

Kate

Scores at the first commercial break (after clue 16):

Ken Kate Bruce
$200 $2,800 $1,300

Scores at the end of the Jeopardy! Round:

Ken Kate Bruce
$1,300 $5,000 $1,300

Double Jeopardy! Round responses

WORLD CAPITALS
MUSICAL THEATER
ANATOMY
SHIPS
FRENCH CUISINE
Q WITHOUT U
    $200 14
Thailand

Ken
    $200 12
A Little Night Music

Kate
    $200 1
stomach

Kate
    $200 18
rowing

Bruce
    $200 22
poached eggs

Bruce
    $200 8
Qantas

Ken
    $400 15
Jakarta & Jerusalem

Triple Stumper
    $2,500 13
Annie Get Your Gun

Kate
    $400 4
chromosome

Ken
    $400 19
(Ken: What is a scow?)

pontoon

KenBruce
    $400 23
sorbet

Kate
    $400 9
(Ken: Who is Xavier Cugat?)

Qaddafi

KenBruce
    $600 24
Vientiane

Kate
    $600 2
George Cohan

Kate
    $600 5
lungs

Ken
    $600 20
Victory

Ken
    $600 27
bread pudding

Kate
    $600 10
tambourine

Kate
    $800 25
Nigeria

Ken
    $800 3
Paint Your Wagon

Ken
    $800 6
(Kate: What are the hammer, the stirrup and...?)

hammer, anvil, stirrups

KenKate
    $800 21
(Ken: What is triangular?)

square

Ken
Triple Stumper
    $800 28
(Kate: What is lamb?)

rabbit

Kate
Triple Stumper
    $800 16
typewriter

Bruce
    $1000 26
(Kate: What is Addis Ababa?)

Khartoum

Kate
Triple Stumper
    $1000 11
Sweeney Todd

Ken
    $1000 7
white

Ken
    $1000 30
Cunard

Triple Stumper
    $1000 29
frogs legs

Ken
    $500 17
(Bruce: What are Iraq, um....?)

Iraq & Qatar

Bruce

Scores at the end of the Double Jeopardy! Round:

Ken Kate Bruce
$7,100 $8,100 $2,800

[wagering suggestions for these scores]

Final Jeopardy! Round responses

U.S. GEOGRAPHY
BruceWhat are Texas, Oklahoma, & Florida
$800
KenWhat are Florida Oklahoma & Texas
$5,000
KateWhat are Texas, Oklahoma & W. Virginia?
$6,101
(3 of) Texas, Oklahoma, Florida, West Virginia, Idaho, Alaska & Maryland

Final scores:

Ken Kate Bruce
$12,100 $14,201 $3,600
2nd place: trip to Washington, D.C. & stay at the Madison Hotel + the Jeopardy! home game (boxed or computerized) New champion: $14,201 + the Jeopardy! home game (boxed or computerized) 3rd place: Magnavox Video Escort camera + the Jeopardy! home game (boxed or computerized)

Game dynamics:

Coryat scores:

Ken Kate Bruce
$7,100 $5,600 $3,300
18 R,
5 W
24 R
(including 2 DDs),
4 W
10 R,
1 W
(including 1 DD)

Combined Coryat: $16,000

The J! Archive is created by fans, for fans. The Jeopardy! game show and all elements thereof, including but not limited to copyright and trademark thereto, are the property of Jeopardy Productions, Inc. and are protected under law. This website is not affiliated with, sponsored by, or operated by Jeopardy Productions, Inc. Join the discussion at JBoard.tv.